| 000 | 00638nam a2200157 a 4500 | ||
|---|---|---|---|
| 008 | 150825s1989 ||||||||||||||||| || u | ||
| 020 | _a0805301208 | ||
| 050 | _aQP 34.5 Mar | ||
| 100 | _aMarieb, Elaine N | ||
| 245 | 1 | 0 |
_aHuman anatomy and physiology : instructor's guide to accompany _cby Elaine N. Marieb |
| 260 |
_aRedwood City _bBenjamin/Cummings _c1989 |
||
| 300 | _axvi, 368p. | ||
| 350 | _a36.59 | ||
| 650 | _aHUMAN PHYSIOLOGY--INSTRUCTORS GUIDE | ||
| 995 |
_aMEDICAL LIBRARY OPEN ACCESS _e903026 _FCBU-SCHOOL OF MEDICINE LIBRARY (Ndola) _I36.59 _jQP 34.5 Mar _M1 _UAVAILABLE _WSep 4, 2015 _y903026 _ZMedical Library Open Access Collection |
||
| 999 |
_c31721 _d31721 |
||